Professionals in Distress : Issues, Syndromes, and Solutions in Psychology /

Guardado en:
Detalles Bibliográficos
Autor principal: Kilburg, Richard R. (comp.)
Otros autores: Nathan, Peter E. (compilación) (compilación), Thoreson, Richard W. (compilación) (compilación)
Formato: Libro
Idioma:Inglés
Publicado: Washington, EUA : American Psychological Association, 1986, c1986
Temas:
Etiquetas: Agrega una etiqueta
Sin etiquetas, Sé el primero en etiquetar este registro!

MARC

LEADER 00000nam^a2200000^a^4500
001 000031930
005 20250521000000.0
009 20260310085100.683
020 |a 0-912704-43-8 
037 |a Acervo ITESO - Biblioteca 
041 |a ING 
082 |a 616. 8521  |b KIL 
100 |a Kilburg, Richard R.  |e (comp.) 
245 1 0 |a Professionals in Distress :  |b Issues, Syndromes, and Solutions in Psychology /  |c Comp. por R.R. Kilburg, P.E. Nathan, R.W. Thoreson. 
264 4 |a Washington, EUA :  |b American Psychological Association,  |c 1986, c1986 
300 |a 299 p. 
336 |a texto  |b txt  |2 rdacontenido 
337 |a sin mediación  |b n  |2 rdamedio 
338 |a volumen  |b nc  |2 rdasoporte 
649 |a XX 
650 |a Estrés 
650 |a Adicciones 
650 |a Trastornos de Conducta 
650 |a Psicopatología 
650 |a Psicología Clínica 
700 |a Nathan, Peter E.  |e (compilación) 
700 |a Thoreson, Richard W.  |e (compilación) 
910 |a Fondo General 
920 |a Impresos - Libros 
930 |a Colección General 
905 |a 101 
901 |a 0319300100  |b IT1  |c ACC  |i 031930  |u 20250521 
902 |a https://opac.biblio.iteso.mx/vufind/Record/000031930